00689 2200253 4500001002100000005001700021008004100038035002400079090001800103100002500121245007600146250001100222260003000233300002400263650003700287850001500324980001500339985000600354999001500360999001500375999001500390999001500405999001500420YOGYA-0209000003549520090227025021.0 ind  0010-020900000035495 a611bYur AlT aYury, R.M. Francis D aAtlas anatomibuntuk SLTP_SLTA dan yang sederajatcR.M. Francis D. Yury aCet. 1 aPekalonganbBahagiac1986 a54 hlmbilusc21 cm aAnatomi - AtlasxAnatomi manusia aYOPDYOG(b) a30-09-2006 a5 a95P0076836 a95P0076837 a95P0076838 a96P0081385 a97P0091814